000 00443nam a2200169Ia 4500
008 090711s9999 xx 000 0 und d
082 _b60332
100 _aआपटे ह. ना.
245 _aसूर्योदय
260 _c1969
300 _a432
600 _aआपटे ह. ना.
630 _aसूर्योदय
700 _aआपटे ह. ना.
730 _aसूर्योदय
942 _cBOOK
999 _c294088
_d294088